Human resources management program and humanistic and creative educational concept
Model rozvoja mentálnych funkcií a procesov v systéme humanizmu a kreativity. Stratégia rozvoja osobnosti. Profil rozvoja Ekonomickej univerzity v Bratislave 2011-2015. Profily študijných programov pre vízie a misie univerzít.
Uložené v:
| Hlavný autor: | |
|---|---|
| Médium: | Kapitola |
| Jazyk: | English |
| Predmet: | |
| Tagy: |
Žiadne tagy, Buďte prvý, kto otaguje tento záznam!
|
MARC
| LEADER | 00000naa$a2200000$$$4500 | ||
|---|---|---|---|
| 001 | 0215694 | ||
| 005 | 20240502083541.1 | ||
| 041 | 0 | |a eng | |
| 044 | |a DE | ||
| 245 | 1 | 0 | |a Human resources management program and humanistic and creative educational concept |c Natália Tarišková |
| 520 | |a Model rozvoja mentálnych funkcií a procesov v systéme humanizmu a kreativity. Stratégia rozvoja osobnosti. Profil rozvoja Ekonomickej univerzity v Bratislave 2011-2015. Profily študijných programov pre vízie a misie univerzít. | ||
| 610 | 2 | 0 | |a výučba vedecká |
| 610 | 2 | 0 | |a Ekonomická univerzita v Bratislave |
| 610 | 2 | 0 | |a metódy |
| 610 | 2 | 0 | |a kreativita |
| 610 | 2 | 0 | |a osobnosť |
| 610 | 2 | 0 | |a modely |
| 610 | 2 | 0 | |a riadenie ľudských zdrojov |
| 100 | 1 | |a Tarišková, Natália, 1973- | |